000 00427nab a2200145Ia 4500
003 ES-SlBCS
005 20210601141032.0
008 140529s1983 xxu||||| |||| 00| 0 spa d
041 _aspa
100 1 _aMuñoz, Ángel
_9250621
245 0 0 _aAlgunos antecedentes medievales de la semántica de J. Katz
_c Ángel Muñoz
600 1 4 _aKatz, J.
_9156373
773 0 _tDianoia
_gnº. 29, 1983, págs. 211-226
_wRev1805
942 _cAR
999 _c654109
_d654109